00622nam a22001577a 4500020001500000040001600015082001300031100002600044245014500070260004100215300002700256650004700283942001300330999001900343952010200362 qHard Copy. cSINES-NUST. a004bAHM aMohsin Ahmad.9113130 aDeveloping an Effective Machine Learning System for the Diagnosis of Cardiovascular Diseases using Electrocardiogram signal /cAhmad, Mohsin aIslamabad:bSINES-NUST,cJune, 2023. a74 p. :bill. ;c35cm. xMS- Computational Science and Engineering. 2ddccTHE c594948d594948 00102ddc4070aRCMSbRCMScTHEd2023-06-13l0o004 AHMpRCMS003397r2023-06-13w2023-06-13yREF